000 00647nam a2200193Ia 4500
008 151121s9999||||xx |||||||||||||| ||und||
082 _a423/
082 _bHNW-42318
100 _aप्रकाशक
245 _aप्रशासन वाक्प्रयोग
260 _b"भाषा संचालनालय, महाराष्ट्र शासन।"
260 _c--
300 _a314
600 _aप्रकाशक
630 _aप्रशासन वाक्प्रयोग
700 _aप्रकाशक
730 _aप्रशासन वाक्प्रयोग
942 _cBOOK
999 _c1230969
_d1230966